Embedded image processing on the TMS320C6000 DSP: examples in code composer studio and MATLAB (Record no. 8246)

000 -LEADER
fixed length control field 00868 a2200205 4500
020 ## - INTERNATIONAL STANDARD BOOK NUMBER
International Standard Book Number 0387252800
020 ## - INTERNATIONAL STANDARD BOOK NUMBER
International Standard Book Number 0387252800
040 ## - CATALOGING SOURCE
Original cataloging agency DLC
Language of cataloging DLC
082 00 - DEWEY DECIMAL CLASSIFICATION NUMBER
Classification number 621.3822
100 1# - MAIN ENTRY--PERSONAL NAME
Personal name Qureshi, Shehrzad,
245 10 - TITLE STATEMENT
Title Embedded image processing on the TMS320C6000 DSP: examples in code composer studio and MATLAB
Statement of responsibility, etc. Shehrzad Qureshi
260 ## - PUBLICATION, DISTRIBUTION, ETC.
Place of publication, distribution, etc. New York :
Name of publisher, distributor, etc. Springer Science+Business Media,
Date of publication, distribution, etc. c2005.
300 ## - PHYSICAL DESCRIPTION
Extent xvi, 433 p. :
Other physical details ill. ;
Dimensions 24 cm +
Accompanying material 1 CD-ROM (4 3/4 in.).
650 #0 - SUBJECT ADDED ENTRY--TOPICAL TERM
Topical term or geographic name entry element Signal processing
General subdivision Digital techniques.
650 #0 - SUBJECT ADDED ENTRY--TOPICAL TERM
Topical term or geographic name entry element Embedded computer systems.
650 #0 - SUBJECT ADDED ENTRY--TOPICAL TERM
Topical term or geographic name entry element Texas Instruments TMS320 series microprocessors.
856 42 - ELECTRONIC LOCATION AND ACCESS
Materials specified Publisher description
Uniform Resource Identifier <a href="http://www.loc.gov/catdir/enhancements/fy0663/2005045148-d.html">http://www.loc.gov/catdir/enhancements/fy0663/2005045148-d.html</a>
856 42 - ELECTRONIC LOCATION AND ACCESS
Materials specified Table of contents only
Uniform Resource Identifier <a href="http://www.loc.gov/catdir/enhancements/fy0819/2005045148-t.html">http://www.loc.gov/catdir/enhancements/fy0819/2005045148-t.html</a>
942 ## - ADDED ENTRY ELEMENTS (KOHA)
Koha item type Book
Call number prefix 621.3822 QUR
Source of classification or shelving scheme
Holdings
Withdrawn status Lost status Damaged status Not for loan Collection code Permanent Location Current Location Shelving location Date acquired Source of acquisition Cost, normal purchase price Total Checkouts Total Renewals Full call number Barcode Date last seen Date last checked out Price effective from Koha item type
          Central Library (CL) Central Library (CL) General Stacks 12/27/2005 A & J Def Tek Concultants 7902.55 1 1 621.3822 QUR SEECS006780 08/30/2016 07/11/2016 01/05/2017 Book
© 2023 Central Library, National University of Sciences and Technology. All Rights Reserved.